[Event "FIDE-Wch k.o."]
[Site "Groningen NED"]
[Date "1997.12.11"]
[Round "2.1"]
[White "Andersson, Ulf"]
[Black "Milov, Vadim"]
[Result "1-0"]
[WhiteElo "2640"]
[BlackElo "2635"]
[EventDate "1997.12.09"]
[Annotator "Ribli"]

1. d4 Nf6 2. Nf3 d5 3. c4 e6 4. g3 dxc4 5. Qa4+ {V teto variante neni 
mozne doufat v teoretickou vyhodu. Ale Andersson hraje tuto linii temer 
vylucne ze vsech, jelikoz nasledujici pozice stredni hry muze dat do hry 
sve strategicke znalosti. 
 Theoretisch bietet dieser Zug dem wei en keinen Vorteil, aber Andersson 
spielt das sehr gerne.} 5. ... Nbd7 6. Bg2 ( 6. Qxc4 b6 7. Bg2 ( 7. Qc6?! 
Rb8 ) 7. ... Bb7 =, quiet ) 6. ... a6 7. Nc3!? {Tento tah je presnejsi nez
} ( 7. Qxc4 b5 8. Qc6 Rb8 =, quiet ) 7. ... Rb8 {Hrozba 8..b5 je realna, 
takze bily musi vzit na c4.     Jetzt droht wirklich 8...b5, also mu Wei 
auf c4 nehmen.} 8. Qxc4 b5 9. Qd3 Bb7 10. O-O ( 10. Bf4 Bd6 ( 10. ... Rc8 
11. O-O c5 ) 11. Bxd6 cxd6 =, quiet ) 10. ... c5 11. dxc5 ( 11. Bf4 Rc8 
12. dxc5 Bxc5 {ist nur Zugumstellung.} ) 11. ... Bxc5 ( 11. ... Nxc5 12. 
Qxd8+ ( 12. Qc2 b4 ) 12. ... Rxd8 13. Bf4 b4 14. Nd1 Nd5 15. Rc1 Be7 ( 
15. ... Nxf4 16. gxf4 += ) 16. Ne3 += ) 12. Bf4 Rc8 {Wir haben eine etwa 
gleiche Position. Die Bauernstellung ist symmetrisch. Wei hat einen 
minimalen Vorteil, weil der schwarze Damenflügel etwas schwach ist.} 13. 
Rad1 D ( 13. Ng5 Bxg2 14. Kxg2 O-O 15. a4 h6 16. Nge4 b4 17. Nxf6+ Nxf6 
18. Ne4 Qxd3 19. Nxf6+ gxf6 20. exd3 Bd4 21. Bxh6 Rfd8 22. Rab1 b3 {
Plachetka,J-Farago,I/AUT-chT 1993/0-1 (50)} ) ( 13. Bd6 Qb6 14. Rad1 Nd5 
15. Bxc5 Nxc5 16. Nxd5 Bxd5 17. Qd4 O-O 18. a3 Na4 19. Rd2 Qb8 20. Qe5 {
Kochyev,A-Kaidanov,G/Peer Gynt 1991/1/2-1/2 (54)} ) 13. ... b4?! {
Nepresnost, protoze to oslabuje damske kridlo, zvlaste pole c4. Lepsi 
odpoved byla 0-0 , jak bylo v partii c. 57 Andersson - Ivanov a v 
nasledujicich partiich:  Dieser Zug gefällt mir nicht, denn er schwächt 
die schwarze Bauernstellung am Damenflügel.} ( 13. ... O-O {Das ist nach 
meiner Meinung der beste Zug und so spielten auch Karpov und Kasparov 
gegen Andersson.} 14. Ne5 Bxg2 15. Kxg2 Nxe5 16. Bxe5 Qxd3 ( 16. ... Be7!?
17. Qf3 Qa5 18. Qb7 Rfe8 19. a3 b4 20. Bxf6 gxf6 21. axb4 Qxb4 22. Qxb4 
Bxb4 23. Ne4 Be7 24. Nd6 {1/2-1/2 Vera,R-Nogueiras,J/Linares MEX 1994} ) 
17. Rxd3 Rfd8 18. Rxd8+ Rxd8 19. Bxf6 gxf6 20. Rc1 ( 20. Rd1 Rxd1 21. Nxd1
f5 22. f3 Kg7 23. Nf2 Kf6 {1/2-1/2 Andersson,U-Karpov,A/Wijk 1988 (36)} ) 
20. ... Bd4 21. Rd1 f5 22. a4 bxa4 23. Nxa4 Kf8 24. e3 Bb6 25. Rxd8+ Bxd8 
26. Kf3 Ke7 27. Nc5 a5 28. Ke2 Bb6 29. Na4 Bd8 30. Kd3 Kd6 {
Andersson,U-Hjartarson,J/Malmo 1995/1/2-1/2 (60)} ) 14. Na4 Be7 ( 14. ... 
Be4 15. Qd2 ( 15. Qxa6 Ra8 16. Qb5 ( 16. Nxc5 Rxa6 17. Nxa6 Nd5 =+ ) 
16. ... Ra5 17. Qxc5 Nxc5 18. Rxd8+ Kxd8 =+ ) 15. ... Be7 16. Rc1 O-O 17. 
Rxc8 Qxc8 18. Rc1 Qa8 19. Bd6 Bxd6 20. Qxd6 a5 21. Ne1 Bxg2 22. Nxg2 Rc8 {
1/2-1/2 Anic,D-Loginov,V/Budapest FS11 GM 1993 (36)} ) 15. Ne5 Bxg2 16. 
Kxg2 += {Bily ma malou vyhodu vzhledem k oslabenemu damskemu kridlu.      
Wei hat Entwicklungsvorsprung und Schwarz hat Felderschwächen am 
Damenflügel.} 16. ... Qa5 {Eine interessante Möglichkeit. Der Partiezug 
führt zu Vereinfachungen mit kleinem Vorteil für Wei .} ( 16. ... Nxe5 17.
 Bxe5 Qxd3 ( 17. ... Qa5? 18. Bxf6 Qxa4 ( 18. ... Bxf6 19. Qd7+ +- ) 19. 
Bxg7 Rg8 20. Qxh7 +- ) 18. Rxd3 += ) ( 16. ... Nd5 17. Nxd7 ( 17. Qxa6 Ra8
18. Qc6 +/- ) 17. ... Qxd7 18. Qxa6 +/- ) 17. Nxd7 Qxa4 18. Nxf6+ ( 18. 
Nb6? Qc6+ -+ ) 18. ... Bxf6 19. b3 Qc6+ 20. Qf3 Qxf3+ ( 20. ... O-O? 21. 
Bd6 ( 21. Qxc6 Rxc6 22. Bd6 Rfc8 23. Bxb4 Rc2 24. Rd2 Rxd2 25. Bxd2 Rc2 
=, quiet ) 21. ... Rfd8 22. Qxc6 ( 22. Bxb4 +/- ) 22. ... Rxc6 23. Bxb4 
+/- ) ( 20. ... Qb5 21. Bd6 += ) 21. Kxf3 {Zde je typicka Katalanska 
koncovka, ve ktere ma bily aktivnejsi poici pro sveho krale jako vysledek 
nekolika vymen, zvlaste kvuli fianketovanemu strelci. Soucasne cerni pesci
byli oslabeni protoze postoupili. Avsak bileho vyhoda je velmi mala.      
Aus der Eröffnung geht's ohne Mittelspiel gleich ins Endspiel. Wei hat 
einen kleinen Vorteil wegen den schwarzen Schwächen am Damenflügel.} 
21. ... Rc3+ 22. Kg2 a5 D {Najdete tah bileho } ( 22. ... Rc2 23. Rd2?! ( 
23. Rc1 Rxc1 ( 23. ... Rxe2 24. Rc8+ Bd8 25. Rd1 Ke7 26. Be3 +/- ) ( 
23. ... Rc3 24. Bd2 Rxc1 25. Rxc1 += ) 24. Rxc1 Bc3 25. Be5! +/- ( 25. Bd2
! ) ) 23. ... Rxd2 24. Bxd2 Be7 25. Rc1 Kd7 =, quiet ( 25. ... O-O 26. Rc7
Bd6 27. Rc6 +/- ) ) 23. Rd6! {  BIly planuje 24.Ra6 aby ziskal pesce a5.  
Jestli vska cerny dokaze spojit sve veze, premena pesce navic ve vyhru by 
byla velmi obtizna. } 23. ... g5 {Cerny se snazi o takticke zapletky, 
nebot normalni tahy by vedly trvale k nevyhode. Schwarz strebt nach 
taktischen Verwicklungen, denn nach normalen Zügen ist er dauerhaft in 
leichtem Nachteil.} ( 23. ... Rc2 24. Rc1 Rxc1 25. Bxc1 O-O 26. Ra6 += ) 
24. Be3 a4?! {Nikoli nejhouzevnatejsi pokracovani. V touze vycistit pesce 
damskeho kridla cerny umozni bilemu vytvorit nebezpecneho volneho pesce. }
( 24. ... Rc2 25. Ra6 ( 25. Rc1 Rxc1 26. Bxc1 += ) 25. ... O-O ( 25. ... 
Bd8! 26. Rc1 ) ( 25. ... Rxa2 26. Ra8+ Kd7 27. Rd1+ Kc7 28. Ra7+ Kc6 29. 
Rad7 Be5 30. Rxf7 Re8 31. Rxh7 Rxe2 32. Ra7 Ra2 33. Bxg5 Bb8 34. Rf7 Rb2 
35. Rd3 Be5 36. Be3 Rc2 37. Kf3 a4 38. Ke4 Bc7 39. bxa4 Rd8 40. Rb3 Rc4+ 
41. Kf3 +- ) 26. Rxa5 Rxe2 27. Bxg5 Bd4 28. Be7 Rb8 29. Ra4 e5 30. Kf3 Rb2
31. Bxb4 f6 ) 25. bxa4 D O-O ( 25. ... Ra3 26. Rb6! Rxa4 ( 26. ... Rxa2 
27. Rxb4 +/- ) ( 26. ... Bc3 27. Bxg5 +/- ) 27. Rb8+ Kd7 28. Rb7+ +/- Kc6 
29. Rxf7 Bc3 30. Rc1 Kd5 ( 30. ... Rxa2 31. Bd4 +/- ) 31. Rd1+ Kc6 32. Re7
e5 33. Re6+ Kc7 34. Bxg5 Rxa2 35. Bf6 +- ) 26. a5 Ra8 27. a6 Ra3 28. a7 
+/- Rxa2 29. Rd7 Kg7 ( 29. ... b3 30. Rb7 b2 31. Rb8+ Kg7 32. Rxa8 Ra1 33.
 Rxa1 bxa1=Q 34. Rb8 +- ) 30. Rb7 Rxe2 31. Rd1 +- ( 31. Rb8? Rxe3 32. Rxa8
( 32. fxe3 Rxa7 33. Rxb4 += ) 32. ... Ra3 ) 31. ... b3 32. Rb8 {und 
Schwarz gab in verlorener Stellung auf.} ( 32. Rb8 Rxe3 33. Rxa8 +- {Und 
es geht kein 33...Ra3, so da Wei gewinnt. Ribli.} ) 1-0

[Event "SWE Team Ch 9900"]
[Site "Sweden"]
[Date "2000.??.??"]
[Round "11"]
[White "Andersson, Ulf"]
[Black "Ivanov, Sergey"]
[Result "1-0"]
[WhiteElo "2623"]
[BlackElo "2538"]
[EventDate "1999.11.??"]
[PlyCount "115"]
[EventType "team"]
[EventRounds "11"]
[EventCountry "SWE"]
[Source "ChessBase"]
[SourceDate "2001.11.25"]
[WhiteTeamCountry "HUN"]
[BlackTeamCountry "ROM"]

1. Nf3 d5 2. d4 Nf6 3. c4 e6 4. g3 dxc4 5. Qa4+ Nbd7 6. Bg2 a6 7. Nc3 Rb8 
8. Qxc4 b5 9. Qd3 Bb7 10. O-O c5 11. dxc5 Bxc5 12. Bf4 Rc8 13. Rad1 O-O 
14. Ne5 Bxg2 15. Kxg2 Nxe5 16. Bxe5 Qxd3 17. Rxd3 Rfd8 18. Rxd8+ Rxd8 19. 
Bxf6 gxf6 20. Rc1 Be7 21. Nb1 f5 22. e3 Bf6 23. b3 Kf8 24. Kf3 Ke7 25. h3 
Rd5 26. Ke2 Kd7 27. Nd2 Be7 28. Nf3 Bf6 29. Ne1 Rd6 30. g4 fxg4 31. hxg4 
Rc6 32. Rxc6 Kxc6 33. Nd3 D {Mame zde typickou Katalanskou koncovku. Bily 
jezdec je na idealnim poli d3 a bily muze ziskat malou vyhodu v prostoru 
prevedenim krale na f4 a vytvori zpozdene pesce tahem g5.} 33. ... a5 ( 
33. ... Kd5? 34. Nb4+ +- ) 34. e4! {Bily umisti sve pesce na strategicky 
spravne bile pole a postavi barieru na polich c5, d5 a e5 proti pruniku 
cerneho krale. Jakekoli nebezpeci prohry zmizelo a bily muze prevest krale
pres h5 a zvetsit vyhodu prostoru. } 34. ... a4 35. Ke3 axb3 36. axb3 Kd6
?! {Cerny mel lepsi moznost zde s } ( 36. ... e5 37. f4 Kd6 {bily kral 
nema vstupni pole a cerny by mel udrzet remizu. Po tahu v textu vsak 
Andersson dela pokrok. } ) 37. Kf4 Bd8 38. g5 Ke7 39. Kg4 Kf8 40. f3 D {
Jak jsme videli casto v jinych partiich, kdyz ve strategicky vyhodne 
situaci ve ktere souper nema protihru Andersson si dava na cas a zlepsuje 
svou  pozici krok za krokem. } 40. ... f6 {V teto remizove pozicimuze 
Andersson vytvorit souperi problem. Najdete moznost. } 41. Kh5!? {Bily 
nabizi souperi obet pesce. Za to ziska pesce ha doufa ze pronikne cernou 
pozici. Cerny strelec nema cile a je horsi nez jezdec. Nejlepsi obranou 
cerneho je remiza, jak ukazuje analyza. Ale sila Anderssona je udelat 
souperi problemy i v koncovkach, ktere jsou zrejme vyrovnane. } 41. ... 
fxg5 42. Kh6 Kg8 43. Nc5 Kf7 ( 43. ... e5? 44. Nd7 Bc7 45. Kxg5 +/- ) 44. 
Kxh7 Bb6 ( 44. ... Bf6 45. Nd3 Bc3 46. Nf2 Bd2 47. Ng4 Bf4 48. Kh6 Bd2 = )
45. Nd3 Kf6?! {Po tomto se stava obrana obtiznejsi. Cerny mel hrat 
45...Bd4 aby ztizil souperi prunik do pozice pres g8. Mel by udrzet 
opozici. } 46. Kg8 Bg1 ( 46. ... Bd4 47. Kf8 e5 48. Ke8 Ke6 49. Nb4 += ) (
46. ... Ke7 47. Kg7 Be3 48. Kg6 Bd2 49. Ne5 Kd6 50. Nf7+ Kc5 51. Kf6 ( 51.
 Nxg5 Kb4 52. Nxe6 Kxb3 53. Nd4+ Kc4 54. Nxb5 = ) 51. ... Kb4 52. Nd6 +/- 
) 47. Kf8 e5 48. Ke8 Ke6 49. Kd8 Kd6 50. Kc8 Be3? {ROzhodujici chyba. Bylo
vsak mimoradne tezke prepocitat u sachovnice takticke varianty ktere 
odhalila analyza. } ( 50. ... Bd4 51. Kb7 Kd7 52. b4 Kd6 53. Ne1 ( 53. Ka6
Kc6 ) 53. ... Bc3 54. Nc2 Bxb4! 55. Nxb4 Kc5 56. Nd5 b4 57. Ne3 ( 57. Kc7 
b3 58. Nc3 Kd4 59. Nd1 Kd3 60. Kd6 Ke2 61. Nb2 Kxf3 -+ ) 57. ... Kd4 58. 
Nc2+ Kc3 59. Nxb4 Kxb4 60. Kc6 Kc4 61. Kd6 Kd4 = ) 51. Kb7 Bd4 D 52. b4! 
+- {Vsechno funguje. Cerny ztraci duleziteho pece b5 pro zugzwang. Ani 
strelec ani kral nemuze zachranit cerneho. } 52. ... Kd7 ( 52. ... Be3 53.
 Ka6 Kc6 54. Nxe5+ +- ) 53. Nc5+! {ROzhodujici tah. Bily ziska pesce b5 a 
s nim partii. Je dosti mozne ze cerny nevidel tento silny mezitah. Po 
dlouhe a tvrde obrane neni snadne udrzet koncentraci na kazdy jediny tah. 
} 53. ... Kd6 54. Kb6 Bc3 55. Kxb5 Bd2 56. Nb7+ Kc7 57. Na5 Be3 58. Ka6 
1-0

[Event "EU Ch 4th"]
[Site "Istanbul TUR"]
[Date "2003.06.02"]
[Round "4"]
[White "Andersson, Ulf"]
[Black "Potkin, Vladimir"]
[Result "1-0"]
[WhiteElo "2594"]
[BlackElo "2522"]
[EventDate "2003.05.30"]
[PlyCount "161"]
[EventType "swiss"]
[EventRounds "13"]
[EventCountry "TUR"]
[Source "ChessBase"]
[SourceDate "2003.09.25"]
[WhiteTeamCountry "FRA"]
[BlackTeamCountry "RUS"]

{str. 164} 
1. Nf3 d5 2. d4 Nf6 3. c4 e6 4. g3 dxc4 5. Qa4+ c6 6. Qxc4 b5 7. Qd3 Bb7 
8. Bg2 Nbd7 9. O-O a6 10. Be3 c5 11. dxc5 Bxc5 12. Nbd2 Qb6 13. Bxc5 Nxc5 
14. Qe3 O-O 15. Nb3 Rfc8 16. Ne5 Bxg2 17. Kxg2 Nd5 18. Qf3 Qc7 19. Nxc5 
Qxe5 20. Nd3 Qd6 21. Rac1 h6 22. Rfd1 Qe7 23. a3 a5 24. Qe4 Rab8 25. Qd4 
Qb7 26. Kg1 b4 27. a4 Rc6 28. Rc5 Rxc5 29. Qxc5 D {Jako casto ma Andersso 
mirnou vyhodu v oblibee variante Katalanske. Pesci damskeho kridla jsou 
ponekud oslabeni. Zde nejlepsi obraa sestava z obany pesce a bud ..Ra8 
nebo Qa8. Bily je postaven pohodlneji ale neni snadne prolomit obrannou 
barieru cerneho.} 29. ... Rc8? {Cerny precenuje sve vyhlidky po 
nasledujici vymene bileho a bude mit velke potize v koncovce. Lepsi pokus 
je } ( 29. ... Ra8 30. Rc1 Nf6 31. Rc4 += ) 30. Qxa5 Ra8 31. Qb5 Qxb5 32. 
axb5 Rb8 33. Rc1 {Cerny nyni dostava nazpatek pesce. Ale ma velke potize s
vazanim na pesce b, jelikoz jeho jezdec je zahnan z centralni pozice. Toto
znamena ze vez je vazana ochranou pesce b a bily je schopen centralizovat 
krale pro pouziti jako dalsi utocne jednotky.} 33. ... Rxb5 34. Rc8+ {Toto
brani centralizaci cerneho krale. } 34. ... Kh7 35. e4 Nf6 36. f3 g5 D {
Cery se pokousi podminovat pesce e a bily blokuje jeho pokus.} 37. g4 Rb7 
38. Kf2 h5 39. h3 hxg4 40. hxg4 +/- {Jelikoz bily hrozil 41.b3 a potom 42.
Rc4, cerny musi tahnout pescem b.} 40. ... b3 41. Nc5 Ra7 ( 41. ... Rb5 
42. Ke3 +/- ) ( 41. ... Rb4 42. Rc7 Rc4 43. Nxe6 Rc2+ 44. Ke3 Kg6 45. Nc5 
Rxb2 46. Rb7 +/- ) 42. Ke3 Kg7 43. Rb8 Rc7 {Mohl by jiste klast 
houzevnatejsi odpor prechodem do vezove koncovky: } ( 43. ... Nd7 44. Nxd7
Rxd7 45. Rxb3 +/- {Avsak i tam ma cerny malo vyhlidek na remizu. } ) 44. 
Nd3 Nd7 45. Rxb3 +- {Bily ma pesce navic a tudiz technicky vyhranou 
pozici. ALe jak je caste v tomto pripade, velmi presna hra a vynikajici 
technika je vyzadovana k vyhre partie. } 45. ... Kf6 46. Rc3 Rb7 47. Kd4 
Ra7 48. Ra3 Rc7 49. Rc3 Ra7 50. Ra3 {Opakovani tahu je kvuli casove 
kontrole. Toto je dulezity prakticky nastroj pouzivany vsemi velkymi 
umelci koncovek.} 50. ... Rc7 51. b4 Rc2 52. Ra7 Nb6 53. Ra6 Nd7 54. Ra7 
Nb6 55. Ra6 Nd7 56. b5 Rd2 57. Kc3 Rd1 58. Ra7 Nb6 59. Ra6 Nd7 60. Ra7 Nb6
D {Najdete nejpresnejsi poradi tahu k donuceni cerneho do vezove koncovky 
kde ma malo sanci na remizu. } 61. Rb7 {Bily nyni zjednodusi do vyhrane 
vezove koncovky, ackoliv musi vypracovat veci presne.} 61. ... Na4+ ( 
61. ... Nc8 62. Kc2 Ra1 ( 62. ... Rf1 63. Rb8 Ne7 64. Ra8 +- ) 63. e5+ Kg6
64. Rb8 Ne7 65. b6 Ra6 66. b7 Rb6 67. Kc3 +- ) 62. Kb4 Rxd3 63. Kxa4 Rxf3 
64. Rc7! D {Toto vytvari prostor pro volneho pesce a pripravuje silny 
manevr vezi Rc4-b4. Podle Tarrasche veze patri za volne pesce. } 64. ... 
Rf1 ( 64. ... Rf4 65. Rc4 +- ) 65. b6 Ke5 66. Rc4 Rb1 67. Rb4 D Ra1+?! {
Cerny ztraci tempo ve srovnani s lepsim 67...Rd1. Ale toto by nebylo dost 
pro remizu stejne, protoze lze videt z nasledujicich variant: } ( 67. ... 
Rd1 68. b7 Rd8 69. b8=Q+ Rxb8 70. Rxb8 Kxe4 71. Kb3 f5 ( 71. ... Kf4 72. 
Rb4+ Kf3 73. Kc3 f5 74. gxf5 exf5 75. Rb5 Ke4 76. Kd2 +- ) 72. Kc2 Ke3 ( 
72. ... fxg4 73. Kd2 Kf3 74. Rf8+ +- ) 73. Rb3+ Ke2 74. gxf5 exf5 75. Rb5 
g4 76. Re5+ Kf2 77. Rxf5+ Ke2 78. Re5+ Kf2 79. Kd2 +- ) 68. Kb5 Ra8 69. b7
Rb8 70. Kc6 Kf4 71. Kc7 Rg8 72. Rd4 f6 73. b8=Q Rxb8 74. Kxb8 Kxg4 75. Kc7
e5 76. Ra4 Kf4 77. Kd6 g4 78. Kd5 g3 79. Ra8 f5 80. Rf8 g2 81. Rxf5+ 1-0

[Event "Stockholm m"]
[Site "Stockholm SWE"]
[Date "1975.??.??"]
[Round "Vezovky"]
[White "Andersson, Ulf"]
[Black "Larsen, Bent"]
[Result "1-0"]
[WhiteElo "2565"]
[BlackElo "2625"]
[EventDate "1975.??.??"]
[PlyCount "117"]
[EventType "match"]
[EventRounds "8"]
[EventCountry "SWE"]
[Source "ChessBase"]
[SourceDate "1999.07.01"]
[WhiteTeamCountry "SWE"]
[BlackTeamCountry "ISL"]

1. Nf3 g6 2. c4 Bg7 3. Nc3 d6 4. g3 c5 5. Bg2 Nc6 6. O-O Bd7 7. d3 Qc8 8. 
Rb1 Bh3 9. Bd2 Nf6 10. Nd5 Bxg2 11. Kxg2 O-O 12. Bc3 Re8 13. Qd2 Nxd5 14. 
cxd5 Nd4 15. Bxd4 cxd4 16. Qb4 Rb8 17. Nxd4 a5 18. Qb6 Qg4 19. Nf3 Qa4 20.
 a3 Qc2 21. Rfe1 Rec8 22. Kf1 Bf6 23. Red1 a4 24. Nd2 h5 25. Nc4 Rc5 26. 
Rdc1 Qb3 27. Qxb3 axb3 D {Komplikovana koncovka vznikla ve ktere bily ma 
mirnou vyhodu vzhledem k mobilite jezdce a slabeho pesce b3. Bily vymenuje
aby dosahl vyhodne vezove koncovky. } 28. Nb6 Rxc1+ ( 28. ... Rc2 29. Rxc2
bxc2 30. Rc1 Bxb2 31. Rxc2 Bxa3 32. Rc7 +/- ) ( 28. ... Rb5 29. Nd7 Re8 
30. Nxf6+ exf6 31. Rc7 +/- ) 29. Rxc1 Bd4 ( 29. ... Bxb2 30. Rb1 Bxa3 31. 
Rxb3 Bc5 32. Nd7 Rc8 33. Rxb7 +/- ) 30. Na4 b5 31. Nc3 Rc8 ( 31. ... b4 
32. axb4 Rxb4 33. e3 Bf6 34. Ke2 +/- {a potom d3-d4 a Kd3.} ) 32. Ke1 Rc5 
( 32. ... Bxc3+!? 33. Kd1! ( 33. Rxc3?? Rxc3 34. bxc3 b2 -+ ) 33. ... Rc5 
34. Rxc3 Rxd5 35. e4 Rc5 36. Kd2 +- ) 33. e3 Bxc3+ 34. bxc3 b2 35. Rb1 
Rxc3 36. Kd2 Rxa3 37. Rxb2 Ra5 {Bily ma lepsi pozici veze a vyznamne 
aktivnejsiho krale, ktery muze dosahnout na d4 pres c3. Presto je 
technicky obtizne to vyuzit, protoze bily nemuze vytvorit volneho pesce. }
38. Kc3 b4+ ( 38. ... Ra3+ 39. Kc2 Ra5 40. Kb3 Ra4 41. d4 Kg7 42. Kc3 Rc4+
43. Kd2 +/- {Bily muze vyhrat pesce b, ale pres pesce navic ma mensi cenu 
pro zdvojene pesce, je jeste daleko od vyhry. } ) 39. Kd4 g5 40. e4 Ra1?! 
{Nyni idea za cerneho 39...g5 se stava jasna|: pesec g fixuje pesce h a 
cerny ho ziska. Ale na druhe strane mince je to , ze bily je krasne 
centralizovan a muze vyvinout nebezpecny tlak vezi kralem a centralni 
falangou pescu. Z tohoto duvodu 40..g4, aby zabranil prulom f2-f4, by bylo
silnejsi nez tah v partii, ackoli bily stale uchovava moznosti promeny 
pesce navic dlouhodobe.} ( 40. ... Ra4 41. Kc4 Kg7 42. f4 gxf4 43. gxf4 f5
44. Rxb4 Ra2 45. Rb7 Kf8 46. e5 Rxh2 47. Rb6 ) 41. Rxb4 Rh1 42. Rb8+ Kg7 D
{najdete rozhodujici manevr ktery vynuti prulom. } 43. Re8! {BIly 
pripravuje prulom e4-e5, kdyz i pres kryci tah 43...Kf6 vede k jasne 
vyhode bileho. } 43. ... Rxh2 ( 43. ... Kf6 44. f4 gxf4 45. gxf4 Rxh2 46. 
e5+ Kg6 47. Rxe7 +- ) ( 43. ... h4 44. Rxe7 Rxh2 45. gxh4 gxh4 46. e5 
dxe5+ 47. Rxe5 f6 48. Re4 Kf7 49. d6 Rg2 50. Kd5 +- ) 44. Rxe7 Rxf2 45. e5
h4 ( 45. ... dxe5+ 46. Rxe5 f6 47. Re7+ Kf8 48. d6 Rf5 49. Re6! Ra5 50. d7
Ra8 51. Kd5 Kf7 52. Ra6! +- Rh8 53. Kd6 ) 46. gxh4 Rf4+ 47. Ke3 Rxh4 48. 
exd6 Rh6 49. Kd4! D {Bily privede krale na c5, kde pomaha volnemu pesci na
d5 k prulomu. Tento priklad ukazuje ze strana s volnym pescem muze obvykle
vyuzit vyhodu kdyz kral spolupracuje. Cerny volny pesec na druhe strane 
neni nebezpecny protoze nema podporu. } 49. ... Rxd6 50. Kc5 Rd8 51. d6 
Kf6 ( 51. ... g4 52. Kc6 Kf6 ( 52. ... Kg6 53. d7 f5 54. Re8 Rxd7 55. Kxd7
f4 56. Rf8 Kg5 57. Ke6 +- ) 53. Re3 +- ) 52. Kc6 g4 53. Re3 Kg5 54. d7 f5 
55. Re8! {Bily privadi vez za cerneho volneho pesce. } 55. ... Rxd7 56. 
Kxd7 f4 57. Ke6 f3 58. Rf8 Kh4 59. Rf4 ( 59. Rf4 Kg5 60. Ke5 g3 61. Rxf3 
Kg4 62. Rxg3+ Kxg3 63. d4 +- ) 1-0

[Event "Milan"]
[Site "Milan ITA"]
[Date "1975.08.30"]
[Round "9"]
[White "Andersson, Ulf"]
[Black "Mariotti, Sergio"]
[Result "1-0"]
[WhiteElo "2565"]
[BlackElo "2495"]
[EventDate "1975.08.20"]

1. c4 e5 2. Nc3 Nf6 3. Nf3 e4 4. Nd4 Nc6 5. Nc2 d5 6. cxd5 Nxd5 7. Nxe4 
Bf5 8. d3 Bxe4 9. dxe4 Nf6 10. Qxd8+ Rxd8 11. f3 Nb4 12. Ne3 Bc5 13. a3 
Bxe3 14. axb4 Bxc1 15. Rxc1 c6 16. e3 a6 17. Bc4 Nd7 18. Ke2 Ne5 19. f4 
Nxc4 20. Rxc4 Ke7 21. Rd4 D {Bily hrozi obsadit sloupec d. Cerny spoleha 
po vymene na d4 na paku ...f5 aby ziskal pole d5.} 21. ... Rxd4 22. exd4 
f5 23. e5 ( 23. exf5 Kf6 24. Kd3 ( 24. g4 h5 ) 24. ... Kxf5 25. Re1 Kf6 
26. Re5 +/- ) 23. ... Ke6 24. Kd3 h6?! D ( 24. ... Rd8 25. h3 {s umyslem 
dat do pohybu pescovy retezec g2-g4 a otevrit sloupec g pro bilou vez. } )
25. h4! {Bily nyni hrozi fixovat pescovou strukturu h4-h5. Cerny by udelal
lepe taem ... h5 oponovat aby kladl tuhy odpor. } 25. ... Kd5? ( 25. ... 
h5 26. Rh3 Rd8 27. Rg3 Kf7 28. Kc4 g6 29. Rd3 Ke6 ( 29. ... Rd5 30. Ra3 
Rd8 31. Ra5 Rc8 32. Kc5 +/- ) 30. d5+! cxd5+ ( 30. ... Rxd5 31. Rxd5 cxd5+
32. Kd4 +- ) 31. Kd4 Rc8 ( 31. ... Rd7 32. Rc3 ) 32. Rc3 Rc6 33. Rc5 Rb6 
34. b5 axb5 35. b4 Rc6 36. g3 +- ) 26. h5! +- {pescova strukutura je 
fixovana a bily take ma k dispozici paku g2-g4.} 26. ... Rg8 27. g4! D 
fxg4 ( 27. ... Rf8 28. Rg1 +- ) 28. Rg1 g5 29. Rxg4 Rf8 30. fxg5 hxg5 31. 
Rxg5 Rf4 32. Ke3 Re4+ ( 32. ... Rxd4?? 33. e6+ +- ) 33. Kf3 Rxd4 34. Kg3?!
{Jeden z mala pripadu, kde Andersson dela nepresnost ve vezove koncovce. }
( 34. Rg4 {by bylo presnejsi a rozhodlo by partii. Bila vez na g4 stavi 
most aby zastinila krale od sachu na sloupci g. } 34. ... Rd2 35. Kf4 +- 
Rxb2 36. h6 Rh2 37. Kg5 Kxe5 ( 37. ... Ke6 38. Kg6 b6 39. h7 a5 40. bxa5 
bxa5 41. Rg5 +- ) 38. Kg6 +- ) 34. ... Rxb4? {Cerny mu vraci laskavost s 
dalsi nepresnosti. Je to asi chamtivost za materialem, ktere zpusobila 
tento tah. } ( 34. ... Rd1 {by asi zajistilo remizu} 35. Kg4 Ke4! 36. Rg6 
Kxe5 37. Kg5 Rd2 {a cerny ma dobre remizove sance.} ) 35. h6 Rb3+ 36. Kg4 
Rxb2 37. h7 Rg2+ 38. Kf5 Rh2 39. Kg6 Rxh7 40. Kxh7 Ke6 41. Kg6 ( 41. Kg6 
b5 42. Kh5 a5 43. Kg4 a4 44. Kf4 a3 45. Rg6+ Kd7 D 46. Kf5 b4 47. e6+ Kd6 
48. Kf6 a2 49. Rg1 b3 50. e7 b2 51. e8=Q a1=Q 52. Qe5+ Kd7 53. Rg7+ Kd8 
54. Qb8# ) 1-0